000
00266nam a2200097Ia 4500
001
644459
005
20250826153605.0
008
250824s9999 xx 000 0 und d
245
0
_a
Bilime Giriş Ses Kontrol Başlıyor
_c
Christine Hurst
260
_b
TÜBİTAK YAYINLARI
999
_c
644459
_d
644459